000 00965caa a2200217 4500
999 _c459205
_d459205
001 216217412
003 UA-OsUOA
005 20200513102336.0
008 200513b un ||||| |||| 00| 0 ukr d
040 _aUA-OsUOA
_bukr
_cUA-OsUOA
_dUA-OsUOA
041 _aukr
080 _a908
090 _a908
100 _aПереходько Н.
245 _aСанітарно-епідеміологічний контроль захворюваності населення Волинського воєводства в міжвоєнний період (1921–1939 рр.)
_cН. Переходько
300 _aС. 117–128
650 _2UDC
773 0 _0399318
_9416566
_dОстрог НаУОА 2014
_o148881
_tОстрозький краєзнавчий збірник
_w(UA-OsUOA) 113461
942 _2udc
_cBKA